<?xml version="1.0" encoding="UTF-8"?>
<record
    xmlns:xsi="http://www.w3.org/2001/XMLSchema-instance"
    xsi:schemaLocation="http://www.loc.gov/MARC21/slim http://www.loc.gov/standards/marcxml/schema/MARC21slim.xsd"
    xmlns="http://www.loc.gov/MARC21/slim">

  <leader>03590nam a2200421uu 4500</leader>
  <controlfield tag="001">1520211</controlfield>
  <controlfield tag="005">20260508093334.0</controlfield>
  <controlfield tag="008">190307s2006                        spa  </controlfield>
  <datafield tag="020" ind1=" " ind2=" ">
    <subfield code="a">9788425424977</subfield>
  </datafield>
  <datafield tag="035" ind1=" " ind2=" ">
    <subfield code="a">1520211</subfield>
  </datafield>
  <datafield tag="040" ind1=" " ind2=" ">
    <subfield code="c">comduadb</subfield>
  </datafield>
  <datafield tag="041" ind1=" " ind2=" ">
    <subfield code="a">spa</subfield>
  </datafield>
  <datafield tag="082" ind1=" " ind2="4">
    <subfield code="a">616</subfield>
  </datafield>
  <datafield tag="100" ind1=" " ind2="0">
    <subfield code="a">Nardone, Giorgio</subfield>
    <subfield code="d">1958-</subfield>
    <subfield code="4">aut</subfield>
    <subfield code="0">(isni)0000000081147602</subfield>
    <subfield code="0">(viaf)35650327</subfield>
    <subfield code="e">aut</subfield>
    <subfield code="9">315496</subfield>
  </datafield>
  <datafield tag="245" ind1="1" ind2="0">
    <subfield code="a">Conocer a trav&#xE9;s del cambio</subfield>
  </datafield>
  <datafield tag="250" ind1=" " ind2=" ">
    <subfield code="a">2006</subfield>
  </datafield>
  <datafield tag="260" ind1=" " ind2=" ">
    <subfield code="a">Barcelona :</subfield>
    <subfield code="b">Herder,</subfield>
    <subfield code="c">2006.</subfield>
  </datafield>
  <datafield tag="300" ind1=" " ind2=" ">
    <subfield code="a">246 p&#xE1;ginas.</subfield>
  </datafield>
  <datafield tag="505" ind1=" " ind2=" ">
    <subfield code="a">CONTENIDO : Prefacio. -- 1. Teor&#xED;a estrat&#xE9;gico-constructivista del problem-solving. -- 2. La genealog&#xED;a de la terapia breve estrat&#xE9;gica. -- Terapia como investigaci&#xF3;n, investigaci&#xF3;n como terapia. -- 3. El modelo avanzado de terapia estrat&#xE9;gica. -- 4. Praxis cl&#xED;nica: las fases de la terapia. -- Esquema secuencial del modelo avanzado. -- 5. La primera sesi&#xF3;n: el di&#xE1;logo estrat&#xE9;gico. -- 6. Estrategias avanzadas. -- Trastornos f&#xF3;bicos y de ansiedad. -- Depresi&#xF3;n. -- Patolog&#xED;as del bloqueo de la actuaci&#xF3;n. -- Problemas de conducta en ni&#xF1;os. -- Presunta psicosis. -- 7. Integrar la ciencia en la pr&#xE1;ctica. -- Ciencia y pr&#xE1;ctica: la investigaci&#xF3;n en el campo cl&#xED;nico. -- Nuestra metodolog&#xED;a. -- Las perspectivas de la terapia breve estrat&#xE9;gica. -- Bibliograf&#xED;a.</subfield>
  </datafield>
  <datafield tag="520" ind1="3" ind2=" ">
    <subfield code="a">Conocer a Trav&#xE9;s del Cambio presenta la culminaci&#xF3;n de dos d&#xE9;cadas de progresos en psicoterapia utilizando el innovador enfoque de la terapia breve estrat&#xE9;gica que comporta usar la propia l&#xF3;gica de los pacientes para ayudarles a superar sus problemas. Como el arte marcial del aikido, la terapia breve estrat&#xE9;gica permite al terapeuta utilizar la fuerza de la resistencia del paciente para derrotar psicopatolog&#xED;as enraizadas, que persisten, a pesar de la medicaci&#xF3;n, durante a&#xF1;os de terapia tradicional. El tratamiento completo tiene una media de unas 10-15 sesiones. Este libro presenta los procesos terap&#xE9;uticos de los diferentes tipos de problemas con el fin de demostrar que las estrategias correctas, aplicadas en el orden sist&#xE9;mico correcto pueden crear cambios positivos permanentes sin desplazamiento del s&#xED;ntoma o que existan reca&#xED;das. El enfoque se apoya en a&#xF1;os de investigaci&#xF3;n emp&#xED;rica y est&#xE1; resumido de forma clara para demostrar que los protocolos est&#xE1;n lo suficientemente estructurados para facilitar el aprendizaje del terapeuta y proporcionar una aplicaci&#xF3;n consistente y replicable para pacientes espec&#xED;ficos, y tambi&#xE9;n son lo bastante flexibles para permitir su adaptaci&#xF3;n ante pr&#xE1;cticamente cualquier problema. [Tomado de internet]</subfield>
  </datafield>
  <datafield tag="650" ind1=" " ind2="7">
    <subfield code="a">Psicoterapia</subfield>
    <subfield code="2">lemb</subfield>
    <subfield code="9">2359</subfield>
  </datafield>
  <datafield tag="650" ind1=" " ind2=" ">
    <subfield code="a">Terapia estrat&#xE9;gica</subfield>
    <subfield code="9">76464</subfield>
  </datafield>
  <datafield tag="650" ind1=" " ind2="7">
    <subfield code="a">Trastorno obsesivo compulsivo</subfield>
    <subfield code="2">dcs</subfield>
    <subfield code="9">101112</subfield>
  </datafield>
  <datafield tag="650" ind1=" " ind2="7">
    <subfield code="a">Trastornos de alimentaci&#xF3;n y de la ingesti&#xF3;n de alimentos</subfield>
    <subfield code="2">dcs</subfield>
    <subfield code="9">130627</subfield>
  </datafield>
  <datafield tag="650" ind1=" " ind2="7">
    <subfield code="a">Trastornos de ansiedad</subfield>
    <subfield code="2">dcs</subfield>
    <subfield code="9">82909</subfield>
  </datafield>
  <datafield tag="650" ind1=" " ind2="7">
    <subfield code="a">Trastornos de la conducta</subfield>
    <subfield code="2">dcs</subfield>
    <subfield code="9">107951</subfield>
  </datafield>
  <datafield tag="650" ind1=" " ind2=" ">
    <subfield code="a">Trastornos de la conducta en ni&#xF1;os</subfield>
    <subfield code="9">172255</subfield>
  </datafield>
  <datafield tag="650" ind1=" " ind2=" ">
    <subfield code="a">Trastornos de p&#xE1;nico</subfield>
    <subfield code="9">91009</subfield>
  </datafield>
  <datafield tag="650" ind1=" " ind2="7">
    <subfield code="a">Trastorno depresivo</subfield>
    <subfield code="2">dcs</subfield>
    <subfield code="9">80725</subfield>
  </datafield>
  <datafield tag="650" ind1=" " ind2=" ">
    <subfield code="a">Trastornos neuroticos</subfield>
    <subfield code="9">105375</subfield>
  </datafield>
  <datafield tag="650" ind1=" " ind2="7">
    <subfield code="a">Trastorno dism&#xF3;rfico corporal</subfield>
    <subfield code="2">dcs</subfield>
    <subfield code="9">188234</subfield>
  </datafield>
  <datafield tag="650" ind1=" " ind2=" ">
    <subfield code="a">Psicoterapia breve</subfield>
    <subfield code="9">48666</subfield>
  </datafield>
  <datafield tag="700" ind1="1" ind2="0">
    <subfield code="a">Portelli, Claudette</subfield>
    <subfield code="4">aut</subfield>
    <subfield code="0">(isni)0000000051635752</subfield>
    <subfield code="0">(viaf)299761136</subfield>
    <subfield code="e">aut</subfield>
    <subfield code="9">740848</subfield>
  </datafield>
  <datafield tag="700" ind1="1" ind2="0">
    <subfield code="a">Bargall&#xF3; Chaves, Jordi,</subfield>
    <subfield code="d">1949-</subfield>
    <subfield code="4">trl</subfield>
    <subfield code="0">(isni)0000000136881979</subfield>
    <subfield code="0">(viaf)244416398</subfield>
    <subfield code="e">trl</subfield>
    <subfield code="9">403484</subfield>
  </datafield>
  <datafield tag="700" ind1="1" ind2="0">
    <subfield code="a">Castillo, Adela Resurrecci&#xF3;n</subfield>
    <subfield code="4">rev</subfield>
    <subfield code="e">rev</subfield>
    <subfield code="9">776870</subfield>
  </datafield>
  <datafield tag="700" ind1="1" ind2="0">
    <subfield code="a">Hybarger, Chad</subfield>
    <subfield code="4">aui</subfield>
    <subfield code="e">aui</subfield>
    <subfield code="9">777104</subfield>
  </datafield>
  <datafield tag="942" ind1=" " ind2=" ">
    <subfield code="c">BOOK</subfield>
  </datafield>
  <datafield tag="999" ind1=" " ind2=" ">
    <subfield code="c">795367</subfield>
    <subfield code="d">795367</subfield>
  </datafield>
  <datafield tag="952" ind1=" " ind2=" ">
    <subfield code="0">0</subfield>
    <subfield code="1">0</subfield>
    <subfield code="4">0</subfield>
    <subfield code="7">0</subfield>
    <subfield code="8">GEN</subfield>
    <subfield code="a">BC</subfield>
    <subfield code="b">BC</subfield>
    <subfield code="d">2019-03-07</subfield>
    <subfield code="e">Transferencia intrauniversitaria</subfield>
    <subfield code="g">60900.00</subfield>
    <subfield code="i">C1307521</subfield>
    <subfield code="l">2</subfield>
    <subfield code="o">616.8914 N224c</subfield>
    <subfield code="p">01066800</subfield>
    <subfield code="r">2026-05-05 17:58:25</subfield>
    <subfield code="s">2026-04-06</subfield>
    <subfield code="t">1</subfield>
    <subfield code="w">2023-05-04</subfield>
    <subfield code="y">BOOK</subfield>
  </datafield>
</record>
